000 01006cab a2200265 4500
001 WB3509-42
008 090401t1999 xxu||||| |||| 00| 0 eng d
035 _a(Sirsi) u91774
041 _aeng
245 _aWhen the cap fits
260 _c1999
350 _a0
490 _aEstates Gazette
_v(9908) 27 February 1999, 168(1)
520 _aConsiders the reduction of negligent valuers` damages in the light of "Platform Home Loans Ltd v Oyston Shipways Ltd" HL 1999. Contributory negligence by lenders may reduce the damages payable.
650 _aCONTRIBUTORY NEGLIGENCE
650 _aDAMAGES
650 _aINTERALLIANZ FINANZ AG V INDEPENDENT INSURANCE CO LTD
650 _aLAW REFORM (CONTRIBUTORY NEGLIGENCE) ACT 1945
650 _aPLATFORM HOME LOANS LTD V OYSTON SHIPWAYS LTD
650 _aSAAMCO
650 _aSOUTH AUSTRALIA ASSET MANAGEMENT CORPORATION V YORK MONTAGUE LTD
690 _aMANAGEMENT-BUSINESS MANAGEMENT-PROFESSIONAL PRACTICE
942 _n0
948 _c04/03/1999
999 _c58243
_d58243